[Event "Pan American-ch U20"]
[Site "Asuncion"]
[Date "2025.06.16"]
[Round "4"]
[White "Francisco Guecamburu, Candela Be"]
[Black "Sifuentes Alcantara, Jhony Sebastian"]
[Result "1/2-1/2"]
[WhiteElo "2316"]
[BlackElo "1993"]
[PlyCount "62"]
[EventDate "2025.06.14"]
[EventType "swiss"]
[EventRounds "9"]
[EventCountry "PAR"]
[SourceTitle "CB26_2025"]
[SourceDate "2025.06.25"]
[SourceVersion "1"]
[SourceVersionDate "2025.06.25"]
[SourceQuality "1"]

1. e4 c5 2. Nf3 d6 3. Bb5+ Bd7 4. c4 Nf6 5. Nc3 g6 6. 0-0 Bg7 7. Re1 0-0 8. Bxd7 Nbxd7 9. d4 cxd4 10. Nxd4 Rc8 11. b3 a6 12. Bb2 Qa5 13. Nd5 Rfe8 14. Bc3 Qc5 15. Qd2 b5 16. Rac1 bxc4 17. bxc4 Ne5 18. Nb3 Nxc4 19. Qg5 Qa7 20. Bxf6 exf6 21. Nxf6+ Bxf6 22. Qxf6 a5 23. Rc3 Re6 24. Qd4 Qxd4 25. Nxd4 Re5 26. f4 Rec5 27. Nb3 R5c6 28. Rec1 Kf8 29. Nd4 Rc5 30. Nb3 R5c6 31. Nd4 Rc5 1/2-1/2

[Event "American Continental (Women) 16th"]
[Site "Oaxtepec"]
[Date "2025.05.04"]
[Round "6"]
[White "Francisco Guecamburu, Candela Be"]
[Black "Jaramillo Rivadeneira, Kerly Samantha"]
[Result "1-0"]
[WhiteElo "2294"]
[BlackElo "1841"]
[PlyCount "67"]
[EventDate "2025.05.01"]
[EventType "swiss"]
[EventRounds "9"]
[EventCountry "MEX"]
[SourceTitle "CB19_2025"]
[SourceDate "2025.05.07"]
[SourceVersion "1"]
[SourceVersionDate "2025.05.07"]
[SourceQuality "1"]

1. e4 d5 2. exd5 Qxd5 3. Nc3 Qa5 4. d4 Nf6 5. Bc4 Bg4 6. Nge2 c6 7. Bd2 e6 8. f3 Bh5 9. g4 Bg6 10. h4 h6 11. Nf4 Qc7 12. Nxg6 Qg3+ 13. Kf1 fxg6 14. Be1 Qd6 15. Kg2 Nd5 16. Nxd5 cxd5 17. Bd3 Kf7 18. c3 Nc6 19. Qc2 e5 20. Bg3 Re8 21. Rae1 Re6 22. Qe2 Qd8 23. dxe5 Bd6 24. f4 Rhe8 25. Qc2 Bc7 26. Bxg6+ Rxg6 27. Qf5+ Kg8 28. Qxg6 d4 29. cxd4 Nxd4 30. Qe4 Bb6 31. f5 Qd7 32. e6 Qb5 33. Bf2 Qxb2 34. Rb1 1-0

[Event "American Continental (Women) 16th"]
[Site "Oaxtepec"]
[Date "2025.05.02"]
[Round "3"]
[White "Jimenez Salas, Maria Teresa"]
[Black "Francisco Guecamburu, Candela Be"]
[Result "1/2-1/2"]
[WhiteElo "2137"]
[BlackElo "2294"]
[PlyCount "30"]
[EventDate "2025.05.01"]
[EventType "swiss"]
[EventRounds "9"]
[EventCountry "MEX"]
[SourceTitle "CB19_2025"]
[SourceDate "2025.05.07"]
[SourceVersion "1"]
[SourceVersionDate "2025.05.07"]
[SourceQuality "1"]

1. e4 e6 2. d4 d5 3. Nc3 Bb4 4. e5 c5 5. Qg4 Ne7 6. dxc5 Nbc6 7. Bd2 0-0 8. 0-0-0 Ng6 9. Nf3 Bxc5 10. Qh5 Qc7 11. Nb5 Qd7 12. Kb1 a6 13. Nc3 f6 14. exf6 Rxf6 15. Bd3 Nf8 1/2-1/2

[Event "American Continental (Women) 16th"]
[Site "Oaxtepec"]
[Date "2025.05.01"]
[Round "1"]
[White "Hernandez Ortega, Carolina"]
[Black "Francisco Guecamburu, Candela Be"]
[Result "0-1"]
[WhiteElo "1843"]
[BlackElo "2294"]
[PlyCount "120"]
[EventDate "2025.05.01"]
[EventType "swiss"]
[EventRounds "9"]
[EventCountry "MEX"]
[SourceTitle "CB19_2025"]
[SourceDate "2025.05.07"]
[SourceVersion "1"]
[SourceVersionDate "2025.05.07"]
[SourceQuality "1"]

1. e4 c6 2. d4 d5 3. exd5 cxd5 4. c4 Nf6 5. Nc3 Nc6 6. Bg5 Be6 7. c5 Ne4 8. Be3 Nxc5 9. dxc5 d4 10. Bxd4 Qxd4 11. Qxd4 Nxd4 12. 0-0-0 0-0-0 13. Nge2 Nc6 14. Rxd8+ Kxd8 15. g3 Nb4 16. Nd4 Bd7 17. Be2 e5 18. Nb3 Be6 19. Na5 Kc7 20. a3 Nc6 21. Nxc6 bxc6 22. b4 Be7 23. Kc2 h5 24. h4 f5 25. f3 a5 26. Bd3 axb4 27. axb4 Ra8 28. Rb1 Bf6 29. b5 Ra3 30. bxc6 Rxc3+ 31. Kxc3 e4+ 32. Kd2 exd3 33. Kxd3 f4 34. Rb7+ Kxc6 35. Rb6+ Kd7 36. gxf4 Bf5+ 37. Kc4 Kc7 38. Ra6 Bc8 39. Ra7+ Kb8 40. Ra5 Bxh4 41. c6 g6 42. Ra1 Bg3 43. Kd3 h4 44. Ke2 Bxf4 45. Rg1 h3 46. Kf2 h2 47. Rd1 Bh3 48. Rh1 Kc7 49. Ra1 Kxc6 50. Rd1 Kc5 51. Rb1 Kc4 52. Ra1 Kd3 53. Rd1+ Kc2 54. Re1 g5 55. Re2+ Kd3 56. Re1 Kd4 57. Re4+ Kd5 58. Re1 Kd6 59. Ra1 Be5 60. Re1 Bd4+ 0-1

[Event "Swiss Queens Wed #48"]
[Site "FIDE Online Arena INT"]
[Date "2024.12.25"]
[Round "2"]
[White "Bashirli, Saadat"]
[Black "Francisco Guecamburu, Candela Be"]
[Result "0-1"]
[WhiteElo "1986"]
[BlackElo "2303"]
[PlyCount "100"]
[EventDate "2024.12.25"]
[EventType "swiss (blitz)"]
[EventRounds "11"]
[EventCountry "NET"]
[SourceTitle "CB02_2025"]
[SourceDate "2025.01.08"]
[SourceVersion "1"]
[SourceVersionDate "2025.01.08"]
[SourceQuality "1"]

1. d4 Nf6 2. e3 e6 3. Bd3 c5 4. c3 Nc6 5. f4 g6 6. Nf3 b6 7. 0-0 Bg7 8. e4 cxd4 9. Nxd4 Nxd4 10. cxd4 Bb7 11. Nc3 0-0 12. Be3 d6 13. Rc1 Qe7 14. Bb1 Rac8 15. Qe2 Rfd8 16. Rfd1 h5 17. Kh1 Rxc3 18. bxc3 Bxe4 19. Bxe4 Nxe4 20. Bg1 d5 21. c4 Qh4 22. Qf3 Bh6 23. g3 Qh3 24. Rc2 h4 25. Bf2 Rc8 26. c5 bxc5 27. dxc5 hxg3 28. Bxg3 Rxc5 29. Rxc5 Nxc5 30. Rc1 Ne4 31. Qg2 Qf5 32. Rc8+ Kh7 33. Qb2 Bg7 34. Qg2 e5 35. Rc1 exf4 36. Rf1 g5 37. Be1 d4 38. Qf3 Nf6 39. Bd2 Nd5 40. Re1 g4 41. Qe4 Kg6 42. Qe8 Ne3 43. Qc6+ Bf6 44. Kg1 Qd3 45. Qc1 Qe4 46. Bxe3 dxe3 47. Re2 f3 48. Rb2 e2 49. Kf2 Bh4+ 50. Kg1 e1Q+ 0-1

[Event "Swiss Queens Wed #48"]
[Site "FIDE Online Arena INT"]
[Date "2024.12.25"]
[Round "5"]
[White "Francisco Guecamburu, Candela Be"]
[Black "Arabidze, Meri"]
[Result "1-0"]
[WhiteElo "2303"]
[BlackElo "2457"]
[PlyCount "67"]
[EventDate "2024.12.25"]
[EventType "swiss (blitz)"]
[EventRounds "11"]
[EventCountry "NET"]
[SourceTitle "CB02_2025"]
[SourceDate "2025.01.08"]
[SourceVersion "1"]
[SourceVersionDate "2025.01.08"]
[SourceQuality "1"]

1. e4 e5 2. Nf3 Nc6 3. Nc3 Nf6 4. Bb5 Bb4 5. 0-0 0-0 6. Bxc6 dxc6 7. d3 Bd6 8. Ne2 Nh5 9. Ng3 Nf4 10. Bxf4 exf4 11. Ne2 Bg4 12. d4 Bxf3 13. gxf3 Qg5+ 14. Kh1 Qh5 15. Qd3 Rad8 16. Rg1 c5 17. c3 cxd4 18. cxd4 c5 19. d5 Be5 20. Rac1 b6 21. b3 Rd6 22. Rg2 Rh6 23. Ng1 Qh4 24. Qa6 Qe7 25. a4 f5 26. exf5 Qd7 27. a5 Rxf5 28. axb6 axb6 29. b4 Bd4 30. bxc5 Rxd5 31. c6 Qc7 32. Qc4 Rhd6 33. Rg5 Rxc6 34. Qxd5+ 1-0

[Event "Swiss Queens Wed #47"]
[Site "FIDE Online Arena INT"]
[Date "2024.12.18"]
[Round "11"]
[White "Francisco Guecamburu, Candela Be"]
[Black "Shuvalova, Polina"]
[Result "1-0"]
[WhiteElo "2303"]
[BlackElo "2504"]
[PlyCount "151"]
[EventDate "2024.12.18"]
[EventType "swiss (blitz)"]
[EventRounds "11"]
[EventCountry "NET"]
[SourceTitle "CB52_2024"]
[SourceDate "2024.12.25"]
[SourceVersion "1"]
[SourceVersionDate "2024.12.25"]
[SourceQuality "1"]

1. e4 c6 2. d4 d5 3. exd5 cxd5 4. Bf4 Nc6 5. c3 Nf6 6. Nd2 Bf5 7. Ngf3 e6 8. Qb3 Qd7 9. Ne5 Qc8 10. Bb5 Nd7 11. Ndf3 f6 12. Nxc6 bxc6 13. Be2 Be7 14. h4 h5 15. c4 Kf7 16. 0-0 Bg4 17. Rfe1 a5 18. Rac1 a4 19. Qc3 Qb7 20. cxd5 cxd5 21. Qc7 Ra7 22. Bd1 Qxc7 23. Rxc7 Rxc7 24. Bxc7 Rc8 25. Ba5 Rc4 26. Be2 Rc2 27. Bb5 Nf8 28. Bxa4 Rxb2 29. Bb3 Bxf3 30. gxf3 Ng6 31. Bc3 Rxb3 32. axb3 Nxh4 33. Re3 Nf5 34. Rd3 Ke8 35. b4 Kd7 36. b5 Nd6 37. b6 Nc4 38. b7 Kc7 39. Bb4 Bxb4 40. Rb3 Kxb7 41. Rxb4+ Kc7 42. Ra4 Kb7 43. Rb4+ Nb6 44. f4 Kc6 45. Rb1 Nc4 46. Rb8 Nd2 47. Kg2 g5 48. Rf8 gxf4 49. Rxf6 Kd6 50. Rxf4 Ne4 51. Rf7 Ng5 52. Rg7 Ne4 53. Rg6 Nc3 54. Kf3 Nb5 55. Ke3 Nc3 56. Rh6 Nd1+ 57. Ke2 Nc3+ 58. Kd3 Ne4 59. Ke3 Ng5 60. Rxh5 Ne4 61. f3 Nc3 62. Rh6 Nb5 63. f4 Ke7 64. Rh7+ Kf6 65. Rh6+ Kf7 66. Rh5 Nd6 67. Kf3 Kf6 68. Kg4 Nf5 69. Rxf5+ exf5+ 70. Kh5 Kf7 71. Kg5 Ke6 72. Kg6 Ke7 73. Kxf5 Kd6 74. Kf6 Kc6 75. Ke6 Kb5 76. Kxd5 1-0

[Event "Swiss Queens Wed #47"]
[Site "FIDE Online Arena INT"]
[Date "2024.12.18"]
[Round "2"]
[White "Francisco Guecamburu, Candela Be"]
[Black "Tomilova, Elena"]
[Result "0-1"]
[WhiteElo "2303"]
[BlackElo "2207"]
[PlyCount "114"]
[EventDate "2024.12.18"]
[EventType "swiss (blitz)"]
[EventRounds "11"]
[EventCountry "NET"]
[SourceTitle "CB52_2024"]
[SourceDate "2024.12.25"]
[SourceVersion "1"]
[SourceVersionDate "2024.12.25"]
[SourceQuality "1"]

1. e4 e6 2. d4 d5 3. Nc3 Bb4 4. e5 c5 5. Bd2 Ne7 6. a3 Bxc3 7. Bxc3 b6 8. Nf3 Ba6 9. Bxa6 Nxa6 10. Qe2 Nb8 11. 0-0 Nbc6 12. Rfd1 0-0 13. b4 cxd4 14. Bxd4 Rc8 15. c4 Nxd4 16. Rxd4 Rxc4 17. Rxc4 dxc4 18. Qxc4 Nd5 19. h4 h6 20. Rc1 Qe7 21. Qe4 a5 22. Rc4 axb4 23. axb4 Qa7 24. b5 Qa1+ 25. Kh2 Qb2 26. Rc2 Qxb5 27. g4 Qb4 28. Rc4 Qb2 29. Rc2 Qb1 30. Nd2 Qd1 31. Rb2 Nc3 32. Qc4 Ne2 33. Nf3 Nc1 34. Kg2 Nd3 35. Rd2 Ne1+ 36. Kf1 Qxf3 37. Kxe1 Qh1+ 38. Ke2 Qxh4 39. Qe4 Rd8 40. Rb2 h5 41. Rxb6 hxg4 42. Rb7 Qg5 43. f4 gxf3+ 44. Kxf3 Qh5+ 45. Ke3 Qh3+ 46. Kf2 Qh2+ 47. Kf3 Qh1+ 48. Kf4 Qf1+ 49. Ke3 Qe1+ 50. Kf4 g5+ 51. Kf3 Qh1+ 52. Ke3 Qh3+ 53. Kf2 Rd2+ 54. Ke1 Qc3 55. Rb8+ Rd8+ 56. Kf1 Rxb8 57. Qh7+ Kxh7 0-1

[Event "Swiss Queens Wed #46"]
[Site "FIDE Online Arena INT"]
[Date "2024.12.11"]
[Round "10"]
[White "Arabidze, Meri"]
[Black "Francisco Guecamburu, Candela Be"]
[Result "1/2-1/2"]
[WhiteElo "2457"]
[BlackElo "2303"]
[PlyCount "155"]
[EventDate "2024.12.11"]
[EventType "swiss (blitz)"]
[EventRounds "11"]
[EventCountry "NET"]
[SourceTitle "CB51_2024"]
[SourceDate "2024.12.18"]
[SourceVersion "1"]
[SourceVersionDate "2024.12.18"]
[SourceQuality "1"]

1. b3 Nf6 2. Bb2 e6 3. e3 b6 4. f4 Bb7 5. Nf3 d6 6. Bd3 Nbd7 7. 0-0 g6 8. c4 Bg7 9. Bc2 0-0 10. Qe2 Re8 11. d4 c5 12. Nc3 cxd4 13. exd4 e5 14. fxe5 dxe5 15. Nxe5 Nxe5 16. dxe5 Qd4+ 17. Qf2 Qxf2+ 18. Rxf2 Ng4 19. Re2 Bxe5 20. Rxe5 Rxe5 21. h3 Ne3 22. Bd3 Nxg2 23. Nd5 Rxd5 24. cxd5 Nf4 25. Bf1 Bxd5 26. Be5 Ne6 27. Rd1 Rd8 28. Bf6 Rd7 29. Bb5 Rd6 30. Be7 Rc6 31. Rxd5 Rc1+ 32. Kf2 Rc2+ 33. Ke1 Rxa2 34. Bf6 a6 35. Bd7 Rh2 36. h4 h6 37. Bxe6 fxe6 38. Rd7 Rh3 39. b4 Rb3 40. Rg7+ Kf8 41. Rxg6 Rxb4 42. Rxh6 Kf7 43. Bg5 a5 44. Rf6+ Kg8 45. Rxe6 a4 46. Re3 b5 47. Kd1 Rc4 48. Ra3 Kf7 49. Kd2 Ke6 50. Rc3 Rd4+ 51. Kc2 b4 52. Re3+ Kf5 53. Rf3+ Kg4 54. Rf7 Rc4+ 55. Kb1 b3 56. Ra7 Kh5 57. Kb2 Rc2+ 58. Kb1 Ra2 59. Ra5 Kg4 60. Bf6 Kf4 61. h5 Kf3 62. h6 Rh2 63. Bg7 Rh1+ 64. Kb2 Rh2+ 65. Kb1 Rh1+ 66. Kb2 Rh2+ 67. Kc3 b2 68. Rb5 a3 69. Kd3 a2 70. Rf5+ Kg4 71. Bxb2 Rxb2 72. Ra5 Rh2 73. Kc3 Rxh6 74. Rxa2 Rf6 75. Kb3 Rf4 76. Kb2 Rf2+ 77. Kb3 Rxa2 78. Kxa2 1/2-1/2

[Event "Swiss Queens Wed #46"]
[Site "FIDE Online Arena INT"]
[Date "2024.12.11"]
[Round "5"]
[White "Francisco Guecamburu, Candela Be"]
[Black "Ambartsumova, Karina"]
[Result "1-0"]
[WhiteElo "2303"]
[BlackElo "2405"]
[PlyCount "31"]
[EventDate "2024.12.11"]
[EventType "swiss (blitz)"]
[EventRounds "11"]
[EventCountry "NET"]
[SourceTitle "CB51_2024"]
[SourceDate "2024.12.18"]
[SourceVersion "1"]
[SourceVersionDate "2024.12.18"]
[SourceQuality "1"]

1. e4 e5 2. Nf3 Nc6 3. Nc3 Nf6 4. Bb5 Bd6 5. d3 h6 6. a3 a6 7. Ba4 b5 8. Bb3 Be7 9. Nd5 Bd6 10. 0-0 0-0 11. Re1 Re8 12. c3 Ne7 13. Nxf6+ gxf6 14. Nh4 f5 15. Qh5 Rf8 16. Bxh6 1-0

[Event "Swiss Queens Wed #46"]
[Site "FIDE Online Arena INT"]
[Date "2024.12.11"]
[Round "3"]
[White "Francisco Guecamburu, Candela Be"]
[Black "Haussernot, Cecile"]
[Result "1-0"]
[WhiteElo "2303"]
[BlackElo "2108"]
[PlyCount "87"]
[EventDate "2024.12.11"]
[EventType "swiss (blitz)"]
[EventRounds "11"]
[EventCountry "NET"]
[SourceTitle "CB51_2024"]
[SourceDate "2024.12.18"]
[SourceVersion "1"]
[SourceVersionDate "2024.12.18"]
[SourceQuality "1"]

1. e4 e5 2. Nf3 Nf6 3. Nc3 Nc6 4. Bb5 Nd4 5. 0-0 Nxb5 6. Nxb5 c6 7. Nc3 d6 8. h3 Be7 9. d4 Qc7 10. Re1 0-0 11. a4 Be6 12. Bg5 h6 13. Bxf6 Bxf6 14. d5 Bd7 15. Qd3 Qb6 16. a5 Qc7 17. Red1 c5 18. Nd2 Rab8 19. b3 b5 20. axb6 axb6 21. Nb5 Bxb5 22. Qxb5 Ra8 23. Nc4 Rxa1 24. Rxa1 Rb8 25. Ra6 Bd8 26. Kf1 Kf8 27. Ke2 g6 28. Kd3 f5 29. f3 fxe4+ 30. fxe4 Qf7 31. Nxd6 Qf1+ 32. Kc3 Qe1+ 33. Kb2 Be7 34. Ra1 Qd2 35. Qf1+ Kg8 36. Qf7+ Kh8 37. Nc4 Qg5 38. Ra7 Qf6 39. Rxe7 Qxf7 40. Rxf7 Kg8 41. Re7 b5 42. Nxe5 c4 43. bxc4 bxc4+ 44. Kc3 1-0

[Event "Swiss Queens Wed #46"]
[Site "FIDE Online Arena INT"]
[Date "2024.12.11"]
[Round "11"]
[White "Girya, Olga"]
[Black "Francisco Guecamburu, Candela Be"]
[Result "0-1"]
[WhiteElo "2398"]
[BlackElo "2303"]
[PlyCount "64"]
[EventDate "2024.12.11"]
[EventType "swiss (blitz)"]
[EventRounds "11"]
[EventCountry "NET"]
[SourceTitle "CB51_2024"]
[SourceDate "2024.12.18"]
[SourceVersion "1"]
[SourceVersionDate "2024.12.18"]
[SourceQuality "1"]

1. d4 Nf6 2. c4 e6 3. Nf3 d5 4. Nc3 dxc4 5. e4 b5 6. e5 Nd5 7. Nxb5 Nb6 8. Be2 Nc6 9. 0-0 Bb7 10. a4 Bb4 11. Bd2 a5 12. Rc1 Bxd2 13. Qxd2 Nb4 14. Bxc4 Bxf3 15. gxf3 0-0 16. b3 Rc8 17. Bd3 Qh4 18. Kh1 N6d5 19. Rg1 Nxd3 20. Qxd3 Qxf2 21. Rc2 Qh4 22. Nc3 Nb4 23. Qd2 Nxc2 24. Qxc2 Qxd4 25. Ne4 Qxe5 26. Rg5 Qd4 27. Qc6 Rfd8 28. Rxa5 Qd1+ 29. Kg2 Rd2+ 30. Kg3 Qg1+ 31. Kf4 Qxh2+ 32. Ke3 Rcd8 0-1

[Event "Swiss Queens Wed #45"]
[Site "FIDE Online Arena INT"]
[Date "2024.12.04"]
[Round "3"]
[White "Francisco Guecamburu, Candela Be"]
[Black "Arabidze, Meri"]
[Result "0-1"]
[WhiteElo "2303"]
[BlackElo "2457"]
[PlyCount "80"]
[EventDate "2024.12.04"]
[EventType "swiss (blitz)"]
[EventRounds "11"]
[EventCountry "NET"]
[SourceTitle "CB50_2024"]
[SourceDate "2024.11.01"]
[SourceVersion "1"]
[SourceVersionDate "2024.11.01"]
[SourceQuality "2"]

1. e4 e5 2. Nf3 Nc6 3. Nc3 Nf6 4. Bb5 Bb4 5. 0-0 0-0 6. Bxc6 dxc6 7. d3 Bd6 8. Ne2 Nh5 9. Ng3 Nxg3 10. fxg3 Bc5+ 11. Kh1 f6 12. Qe2 Be6 13. Be3 Bb6 14. Bxb6 axb6 15. a3 b5 16. Nh4 g6 17. Rf2 Kg7 18. Raf1 c5 19. g4 Qd7 20. h3 c4 21. Nf3 cxd3 22. cxd3 Rad8 23. Ne1 c5 24. g5 fxg5 25. Rxf8 Rxf8 26. Rxf8 Kxf8 27. Qf2+ Kg8 28. Qxc5 g4 29. Qxe5 gxh3 30. d4 hxg2+ 31. Nxg2 Bc4 32. Qb8+ Kg7 33. Qe5+ Kf7 34. Qf4+ Ke8 35. Qb8+ Ke7 36. Qe5+ Qe6 37. Qc7+ Kf8 38. Qb8+ Kg7 39. Qxb7+ Kh6 40. e5 Bd5 0-1

[Event "Swiss Queens Wed #45"]
[Site "FIDE Online Arena INT"]
[Date "2024.12.04"]
[Round "7"]
[White "Francisco Guecamburu, Candela Be"]
[Black "Blinova, Sofia"]
[Result "1-0"]
[WhiteElo "2303"]
[BlackElo "1732"]
[PlyCount "105"]
[EventDate "2024.12.04"]
[EventType "swiss (blitz)"]
[EventRounds "11"]
[EventCountry "NET"]
[SourceTitle "CB50_2024"]
[SourceDate "2024.11.01"]
[SourceVersion "1"]
[SourceVersionDate "2024.11.01"]
[SourceQuality "2"]

1. e4 c6 2. d4 d5 3. exd5 cxd5 4. c3 Nc6 5. Bf4 g6 6. Nd2 Bf5 7. h3 Nf6 8. Ngf3 Bg7 9. Qb3 Na5 10. Qa4+ Bd7 11. Bb5 0-0 12. Bxd7 Nxd7 13. 0-0 Nc6 14. Rfe1 Re8 15. Rad1 Qb6 16. Qa3 e5 17. dxe5 Ndxe5 18. Be3 Qc7 19. Nxe5 Nxe5 20. Bd4 Nc4 21. Rxe8+ Rxe8 22. Nxc4 Bxd4 23. Nd6 Re6 24. Nb5 Bxf2+ 25. Kxf2 Qf4+ 26. Kg1 Re2 27. Qc5 Qe4 28. Qc8+ Kg7 29. Qg4 Qe3+ 30. Kh1 Rxb2 31. Nd4 h5 32. Nf5+ Kf8 33. Qb4+ Rxb4 34. Nxe3 Rb2 35. Nxd5 Rxa2 36. Rb1 b6 37. Nb4 Ra3 38. Rc1 Rb3 39. Nc6 a5 40. Nd4 Rb2 41. Ra1 a4 42. Rxa4 b5 43. Ra8+ Ke7 44. Rb8 Rb1+ 45. Kh2 Rc1 46. Nxb5 Rb1 47. Rb7+ Kd8 48. c4 Rb3 49. Rxf7 Rb4 50. Nd6 Rb6 51. c5 Rc6 52. Rg7 Rxc5 53. Nb7+ 1-0

[Event "Swiss Queens Wed #45"]
[Site "FIDE Online Arena INT"]
[Date "2024.12.04"]
[Round "8"]
[White "Nguyen, Hong Nhung"]
[Black "Francisco Guecamburu, Candela Be"]
[Result "1-0"]
[WhiteElo "2077"]
[BlackElo "2303"]
[PlyCount "99"]
[EventDate "2024.12.04"]
[EventType "swiss (blitz)"]
[EventRounds "11"]
[EventCountry "NET"]
[SourceTitle "CB50_2024"]
[SourceDate "2024.11.01"]
[SourceVersion "1"]
[SourceVersionDate "2024.11.01"]
[SourceQuality "2"]

1. e4 c5 2. Nc3 Nc6 3. Bb5 Nd4 4. Bc4 g6 5. Nf3 Bg7 6. Nxd4 cxd4 7. Qf3 e6 8. Nb5 d6 9. Qa3 Bf8 10. Nxd4 Nf6 11. Qf3 Bg7 12. 0-0 0-0 13. c3 Nxe4 14. Qxe4 d5 15. Bxd5 exd5 16. Qd3 Re8 17. b3 a6 18. Ba3 Qg5 19. Rfe1 Bd7 20. Bd6 Bh6 21. Nf3 Qh5 22. Re5 Rxe5 23. Bxe5 Bg4 24. Bg3 Bxf3 25. gxf3 Re8 26. Kg2 Qg5 27. Rd1 b5 28. a4 bxa4 29. bxa4 a5 30. Qb5 Ra8 31. c4 dxc4 32. Qxc4 Rd8 33. d4 Qf5 34. d5 Rc8 35. Qe4 Qd7 36. d6 Bg5 37. Rd5 f5 38. Qd4 Re8 39. Rxa5 Bd8 40. Ra7 Bf6 41. Rxd7 Bxd4 42. Rb7 Rd8 43. d7 Kf7 44. Bh4 Bf6 45. Bxf6 Kxf6 46. a5 Ke7 47. a6 Ra8 48. a7 f4 49. d8Q+ Kxd8 50. Rb8+ 1-0

[Event "American Continental (Women) 15th"]
[Site "Santo Domingo"]
[Date "2024.11.28"]
[Round "8"]
[White "Francisco Guecamburu, Candela Be"]
[Black "Mogollon Tobar, Nicolle Juliet"]
[Result "1/2-1/2"]
[WhiteElo "2267"]
[BlackElo "2068"]
[PlyCount "121"]
[EventDate "2024.11.24"]
[EventType "swiss"]
[EventRounds "9"]
[EventCountry "DOM"]
[SourceTitle "CB49_2024"]
[SourceDate "2024.12.04"]
[SourceVersion "1"]
[SourceVersionDate "2024.12.04"]
[SourceQuality "1"]

1. d4 d5 2. Nc3 Nf6 3. Bf4 e6 4. e3 Be7 5. Nf3 0-0 6. Bd3 a6 7. e4 dxe4 8. Nxe4 Nd5 9. Bd2 Nc6 10. c3 b6 11. Qe2 Re8 12. Ne5 Nxe5 13. dxe5 Bb7 14. h4 f5 15. exf6 Nxf6 16. Ng5 Bd6 17. 0-0-0 Qd7 18. Kb1 b5 19. Ne4 Nxe4 20. Bxe4 Bxe4+ 21. Qxe4 Qf7 22. Be3 Qf5 23. Qc2 Rad8 24. Rd4 Rb8 25. Re4 a5 26. Re1 a4 27. a3 e5 28. g4 Qf7 29. Bc1 Rf8 30. R1e2 Qd5 31. c4 bxc4 32. Qxc4 Qxc4 33. Rxc4 Rf3 34. Ka2 Rh3 35. h5 Ra8 36. Be3 Rf3 37. Rd2 Kf7 38. Bb6 Ke6 39. Bxc7 Bxc7 40. Rc6+ Bd6 41. Rcxd6+ Kf7 42. Rd7+ Kf8 43. g5 Rf5 44. g6 hxg6 45. hxg6 Rf6 46. Rd8+ Rxd8 47. Rxd8+ Ke7 48. Ra8 Rxf2 49. Rxa4 Kf6 50. Ra6+ Kf5 51. a4 e4 52. Ra7 Kxg6 53. Re7 Rf4 54. Kb1 Kf6 55. Rb7 e3 56. Kc2 Rd4 57. Rb3 Rxa4 58. Rxe3 g5 59. Kd2 Kf5 60. Ke2 Rb4 61. b3 1/2-1/2

[Event "American Continental (Women) 15th"]
[Site "Santo Domingo"]
[Date "2024.11.28"]
[Round "7"]
[White "Gomez Barrera, Javiera Belen"]
[Black "Francisco Guecamburu, Candela Be"]
[Result "1-0"]
[WhiteElo "2174"]
[BlackElo "2267"]
[PlyCount "133"]
[EventDate "2024.11.24"]
[EventType "swiss"]
[EventRounds "9"]
[EventCountry "DOM"]
[SourceTitle "CB49_2024"]
[SourceDate "2024.12.04"]
[SourceVersion "1"]
[SourceVersionDate "2024.12.04"]
[SourceQuality "1"]

1. e4 c5 2. Nf3 d6 3. d4 cxd4 4. Nxd4 Nf6 5. Nc3 a6 6. Be3 e5 7. Nb3 Be7 8. h3 h6 9. Qd2 Be6 10. 0-0-0 Nbd7 11. Kb1 b5 12. g4 Rc8 13. f4 exf4 14. Bxf4 Ne5 15. Nd5 Nxd5 16. exd5 Bd7 17. Nd4 Bf6 18. Bg2 Nc4 19. Rhe1+ Kf8 20. Qd3 Qb6 21. Bc1 b4 22. Nc6 Ne5 23. Nxe5 Bxe5 24. Be3 Qc7 25. Be4 Bb5 26. Qd2 Qc4 27. Bd3 Qxd5 28. Qxb4 Bxd3 29. Rxd3 Qg2 30. Qd2 Qxd2 31. Bxd2 Ke7 32. Bb4 f6 33. Bxd6+ Ke6 34. Bxe5 fxe5 35. Rde3 Rc5 36. Ra3 a5 37. Rd3 Rf8 38. Red1 e4 39. Re3 Ke5 40. Rde1 Rf4 41. b3 Kd4 42. Kb2 Re5 43. c3+ Kc5 44. R1e2 g6 45. a3 Kd5 46. Rd2+ Ke6 47. c4 h5 48. gxh5 gxh5 49. Kc3 Rf3 50. Kd4 Kf5 51. Rde2 Rf1 52. Re1 Rf4 53. c5 Re8 54. b4 axb4 55. axb4 Rd8+ 56. Kc4 Ke5 57. c6 Rd4+ 58. Kc5 Rf8 59. b5 Rd5+ 60. Kc4 Rd4+ 61. Kc3 Kd5 62. Rg1 Rc4+ 63. Kb3 Rf3 64. Rxf3 exf3 65. Rg5+ Ke4 66. Rg1 Kd5 67. Rf1 1-0

[Event "American Continental (Women) 15th"]
[Site "Santo Domingo"]
[Date "2024.11.24"]
[Round "1"]
[White "Wilson, Hannah"]
[Black "Francisco Guecamburu, Candela Be"]
[Result "0-1"]
[WhiteElo "1917"]
[BlackElo "2267"]
[PlyCount "108"]
[EventDate "2024.11.24"]
[EventType "swiss"]
[EventRounds "9"]
[EventCountry "DOM"]
[SourceTitle "CB49_2024"]
[SourceDate "2024.12.04"]
[SourceVersion "1"]
[SourceVersionDate "2024.12.04"]
[SourceQuality "1"]

1. d4 Nf6 2. c4 e6 3. Nc3 Bb4 4. Qc2 c5 5. dxc5 0-0 6. Bd2 Bxc5 7. e3 b6 8. Nf3 Bb7 9. Be2 Nc6 10. a3 d5 11. cxd5 exd5 12. b4 Bd6 13. Rd1 Rc8 14. Qb3 Bb8 15. Bc1 Qe7 16. 0-0 Rfd8 17. Nb5 a6 18. Nbd4 Nxd4 19. Nxd4 Ne4 20. Bb2 Qh4 21. f4 g6 22. Nf3 Qe7 23. Ne5 b5 24. Ng4 h5 25. Ne5 Kh7 26. Bf3 f6 27. Nd3 Ba7 28. Rfe1 Rc4 29. Nc1 Rdc8 30. Be2 Rc3 31. Bxc3 Rxc3 32. Qb2 Rxe3 33. Kf1 Qd6 34. Bf3 Qxf4 35. Rd3 Rxe1+ 36. Kxe1 Qxh2 37. Bxe4 Qh4+ 38. Kd1 Qxe4 39. Qe2 d4 40. Nb3 Qxe2+ 41. Kxe2 Be4 42. Rg3 Bb8 43. Rh3 Bxg2 44. Rh4 Be5 45. Kf2 Bd5 46. Nxd4 g5 47. Rxh5+ Kg6 48. Rh8 Bxd4+ 49. Ke2 Bb2 50. Rh3 g4 51. Rg3 f5 52. Kd2 Be4 53. Rb3 Bd4 54. Rg3 Kg5 0-1

[Event "Wch U18"]
[Site "Florianopolis"]
[Date "2024.11.02"]
[Round "5"]
[White "Francisco Guecamburu, Candela Be"]
[Black "Flores Quillas, Diego Saul Rodrigo"]
[Result "0-1"]
[WhiteElo "2267"]
[BlackElo "2454"]
[PlyCount "102"]
[EventDate "2024.10.29"]
[EventType "swiss"]
[EventRounds "11"]
[EventCountry "BRA"]
[SourceTitle "CB45_2024"]
[Source "ChessBase"]
[SourceDate "2024.11.06"]
[SourceVersion "1"]
[SourceVersionDate "2024.11.06"]
[SourceQuality "1"]

1. e4 c5 2. Nf3 e6 3. d4 cxd4 4. Nxd4 Nc6 5. Nxc6 bxc6 6. Bd3 Nf6 7. 0-0 d5 8. e5 Nd7 9. Re1 Qc7 10. Bf4 f5 11. c4 d4 12. Nd2 Be7 13. Qh5+ g6 14. Qh6 Bf8 15. Qg5 Nc5 16. Bf1 Rb8 17. Rab1 a5 18. Qh4 Na4 19. Nb3 c5 20. Bd2 Ra8 21. Nc1 h6 22. Nd3 Be7 23. Qh3 Bb7 24. Nf4 Kf7 25. Qg3 g5 26. Nd5 Qd8 27. Nxe7 Qxe7 28. Be2 Nb6 29. Bh5+ Kf8 30. Rbc1 Rg8 31. Qd3 Qc7 32. a3 a4 33. Bf3 Nd7 34. Rb1 Bxf3 35. Qxf3 Kg7 36. h4 Rab8 37. hxg5 hxg5 38. Bxg5 Rh8 39. Bf6+ Nxf6 40. exf6+ Kxf6 41. b4 axb3 42. Rb2 Qh2+ 43. Kf1 Rh4 44. Rbb1 b2 45. Rxe6+ Kxe6 46. Qc6+ Qd6 47. Re1+ Re4 48. Rxe4+ fxe4 49. Qxe4+ Kd7 50. Qh7+ Kc6 51. Qe4+ Kb6 0-1